Mekongjoen valtiot tyhjällä kartalla - Statistics

Yleistilastot
  • Tätä visaa on pelattu 1 188 kertaa
  • Keskiarvotulos 6 / 6
Vastaukset kartalla
Vastauksille on annettu kartalla punavihreä väri sen mukaan, kuinka moni on saanut sen oikein.
 
Vastaustilastot
Valtio % Oikein
Kiina
98%
Vietnam
98%
Laos
97%
Thaimaa
97%
Myanmar
96%
Kambodža
90%
Ehtoja vastaavia visoja ei löytynyt
Tulosjakauma
Jokaisen tuloksen saaneiden osuus
Persentiili vastausten määrän mukaan
Tuloshistoriasi
Et ole pelannut tätä visaa